00623 2200241 4500001002100000005001500021035002000036007000300056008004100059020002200100082001400122084002000136100001900156245007000175250001000245260003200255300002200287650002000309700001700329990001200346990001200358990001100370INLIS00000000000140020180131025828 a0010-0118000218ta180131 g 1 ind  a978-602-1695-19-7 a899.221 3 a899.221 3 ABD k0 aABDUL, Mutaqin1 aKain Ihram Anak Kampung /cAbdul Mutaqin; penyunting, Diyah Rahma acet.1 aJakarta :bSalsabila,c2015 a374 hlm. ;c21 cm aFIKSI INDONESIA0 aDIYAH, Rahma a16409 a a16409 b a16409c